Sports Quiz

Random Sports or World Cup Quiz

Poland WC squads Quiz Stats

 Plays Quiz not verified by Sporcle

Score 0/134 Timer 15:00
0 Plays Today
Year Player % Correct
1974Grzegorz Lato
94.4%
1978Grzegorz Lato
94.4%
1982Grzegorz Lato
94.4%
2002Jerzy Dudek
93.4%
2006Artur Boruc
92.6%
1978Zbigniew Boniek
92.5%
1982Zbigniew Boniek
92.5%
1986Zbigniew Boniek
92.5%
2002Emmanuel Olisadebe
89.6%
1974Jan Tomaszewski
89.3%
1978Jan Tomaszewski
89.3%
1974Kazimierz Deyna
87.5%
1978Kazimierz Deyna
87.5%
2006Euzebiusz Smolarek
87.3%
1982Wlodzimierz Smolarek
87.1%
1986Wlodzimierz Smolarek
87.1%
2002Maciej Zurawski
85%
2006Maciej Zurawski
85%
1974Andrzej Szarmach
83.6%
1978Andrzej Szarmach
83.6%
1982Andrzej Szarmach
83.6%
2006Lukasz Fabianski
83.3%
2002Michal Zewlakow
82.9%
2002Marcin Zewlakow
82.9%
2006Michal Zewlakow
82.9%
2002Tomasz Hajto
82.1%
2002Jacek Bak
82%
2006Jacek Bak
82%
2002Arkadiusz Bak
81.9%
1982Jozef Mlynarczyk
78.5%
1986Jozef Mlynarczyk
78.5%
2002Tomasz Waldoch
78.3%
2002Jacek Krzynowek
77.6%
2006Jacek Krzynowek
77.6%
2002Pawel Kryszalowicz
77.2%
2002Radoslaw Majdan
76.9%
1974Wladyslaw Zmuda
76.1%
1978Wladyslaw Zmuda
76.1%
1982Wladyslaw Zmuda
76.1%
1986Wladyslaw Zmuda
76.1%
2002Adam Matysek
75.3%
1974Jerzy Gorgon
74%
1978Jerzy Gorgon
74%
1974Robert Gadocha
73.2%
2002Piotr Swierczewski
72.1%
Year Player % Correct
1974Henryk Kasperczak
71.2%
1978Henryk Kasperczak
71.2%
1978Wlodzimierz Lubanski
71.2%
1978Andrzej Iwan
69.4%
1982Andrzej Iwan
69.4%
2002Radoslaw Kaluzny
69.3%
2006Ireneusz Jelen
69.2%
2002Pawel Sibik
68.6%
2002Marek Kozminski
68.5%
2006Tomasz Kuszczak
67.3%
2006Bartosz Bosacki
67.1%
2002Tomasz Klos
66.9%
2006Mariusz Lewandowski
66.7%
2006Pawel Brozek
65.7%
2002Jacek Zielinski
65%
2006Kamil Kosowski
64.6%
2006Miroslaw Szymkowiak
64.5%
2006Grzegorz Rasiak
62.7%
2006Marcin Baszczynski
62.5%
2002Arkadiusz Glowacki
61.6%
2002Cezary Kucharski
60.8%
2002Maciej Murawski
60.8%
1982Pawel Janas
60.5%
1986Dariusz Dziekanowski
60.5%
2002Tomasz Rzasa
60%
2006Dariusz Dudka
59.6%
2006Mariusz Jop
59.4%
1982Stefan Majewski
59%
1986Stefan Majewski
59%
2006Radoslaw Sobolewski
58.5%
1974Jan Domarski
57.6%
1982Andrzej Buncol
57.6%
1986Andrzej Buncol
57.6%
1974Antoni Szymanowski
55%
1978Antoni Szymanowski
55%
1978Adam Nawalka
54.3%
2006Arkadiusz Radomski
50.7%
1986Jan Urban
49.5%
1986Ryszard Tarasiewicz
49.1%
1974Adam Musial
48.3%
1974Kazimierz Kmiecik
47.9%
2006Sebastian Mila
47.4%
1978Janusz Kupcewicz
44.8%
1982Janusz Kupcewicz
44.8%
1974Zdzislaw Kapka
44.2%
Year Player % Correct
1974Marek Kusto
44.1%
1978Marek Kusto
44.1%
1982Marek Kusto
44.1%
1974Leslaw Cmikiewicz
43.8%
1978Zygmunt Kukla
40.5%
1986Jan Furtok
39.4%
1982Waldemar Matysik
38.9%
1986Waldemar Matysik
38.9%
1974Zbigniew Gut
38.8%
2006Piotr Giza
38.8%
1986Jozef Wandzik
38.7%
1986Dariusz Kubicki
37.7%
1974Zygmunt Maszczyk
35.9%
1978Roman Wojcicki
35.6%
1982Roman Wojcicki
35.6%
1986Roman Wojcicki
35.6%
2006Seweryn Gancarczyk
35.5%
1982Wlodzimierz Ciolek
35.3%
1982Jacek Kazimierski
34.9%
1986Jacek Kazimierski
34.9%
1974Miroslaw Bulzacki
34.1%
1982Andrzej Palasz
32%
1986Andrzej Palasz
32%
1974Zygmunt Kalinowski
31.7%
1978Wojciech Rudy
31.7%
1982Piotr Mowlik
31.3%
1974Andrzej Fischer
31.2%
1982Jan Jalocha
31.2%
1982Marek Dziuba
29.9%
1986Jan Karas
28.8%
1978Henryk Maculewicz
27.9%
1986Ryszard Komornicki
27.6%
1986Andrzej Zgutczynski
27.5%
1982Piotr Skrobowski
25.3%
1986Krzysztof Pawlak
24.6%
1978Wlodzimierz Mazur
24%
1974Henryk Wieczorek
23.8%
1982Tadeusz Dolny
23%
1978Bohdan Masztaler
22%
1986Marek Ostrowski
21.8%
1978Marek Kostrzewa
21.5%
1974Roman Jakobczak
20.8%
1986Kazimierz Przybys
19.5%
1978Miroslaw Justek
17.4%

You're not logged in!

Compare scores with friends on all Sporcle quizzes.
OR
Log In

Show Comments

Extras

Top Quizzes Today


Score Distribution

Your Account Isn't Verified!

In order to create a playlist on Sporcle, you need to verify the email address you used during registration. Go to your Sporcle Settings to finish the process.

Report this User

Report this user for behavior that violates our Community Guidelines.

Details: